00454pab a2200157 454500008004000000100001500040245006000055260000900115300001300124650002100137650002200158650003100180650003200211650002000243773003300263180718b2000 xxu||||| |||| 00| 0 eng d aRamesh, M. aThe state and social security in Indonesia and Thailand c2000 ap.534-46 aState - Thailand aState - Indonesia aSocial security - Thailand aSocial security - Indonesia aSocial security aJournal of Contemporary Asia